00889 a2200217 4500001000700000020001800007040002200025041001600047082002100063100005700084245002500141250000800166260003200174300000800206362001300214500002300227697029600250942000700546952009900553999001900652133865 a85-262-0037-2 cLeonardo Da Vinci aPortuguês a744 L851dbL851d aLOPES, Elizabeth TeixeiraaKANEGAE, Cecília Fujiko aDesenho geométrico av.3 bScipionec199-aSão Paulo a112 a199-0000 aLivro do Professor aDesenho GeométricoaRetaaMediatrizaSegmentoaOperaçãoaÂnguloaClassificaçãoaConceitoaBissetrizaTriânguloaCevianaaOrtocentroaBaricentroaIncentroaCircuncentroaCircunferênciaaQuadriláteroaParalelogramoaTrapézioaLugar GeométricoaTangênciaaEnsino Médio cBK 00104070a71.1b71.1d2024-03-27l0o744 L851dpO008970r2024-03-27 22:33:17w2024-03-27yBK c133865d133865